00278nam a22001217a 4500003000400000020001800004082001700022100002200039245002500061260003700086300001400123650001900137OSt a9781878424402 a299.792bRUF aRUIZ, Don Miguel  aThe Four Agreements  aCalifornia:bAmber Allen,c1997. axix,140p. aGeneral Books